MARC details
| 000 -LEADER |
| fixed length control field |
01743nam a2200361 i 4500 |
| 003 - CONTROL NUMBER IDENTIFIER |
| control field |
CSPC |
| 005 - DATE AND TIME OF LATEST TRANSACTION |
| control field |
20230913151236.0 |
| 008 - FIXED-LENGTH DATA ELEMENTS--GENERAL INFORMATION |
| fixed length control field |
230913s2019 stka f 001 0 eng d |
| 020 ## - INTERNATIONAL STANDARD BOOK NUMBER |
| International Standard Book Number |
9780702076664 |
| 040 ## - CATALOGING SOURCE |
| Original cataloging agency |
CSPC |
| Language of cataloging |
eng |
| Transcribing agency |
CSPC |
| Description conventions |
rda |
| 050 04 - LIBRARY OF CONGRESS CALL NUMBER |
| Classification number |
RT120.E4 |
| Item number |
H37 2019 |
| 082 04 - DEWEY DECIMAL CLASSIFICATION NUMBER |
| Classification number |
616.025 |
| Item number |
H245n |
| 100 1# - MAIN ENTRY--PERSONAL NAME |
| Personal name |
Harrison, Richard, |
| Relator term |
author. |
| 245 12 - TITLE STATEMENT |
| Title |
A nurse's survival guide to acute medical emergencies / |
| Statement of responsibility, etc. |
Richard N. Harrison and Lynda Daly. |
| 246 30 - VARYING FORM OF TITLE |
| Title proper/short title |
Acute medical emergencies |
| 250 ## - EDITION STATEMENT |
| Edition statement |
Third updated edition. |
| 264 #1 - PRODUCTION, PUBLICATION, DISTRIBUTION, MANUFACTURE, AND COPYRIGHT NOTICE |
| Place of production, publication, distribution, manufacture |
Edinburgh : |
| Name of producer, publisher, distributor, manufacturer |
Elsevier, |
| Date of production, publication, distribution, manufacture, or copyright notice |
2019. |
| 300 ## - PHYSICAL DESCRIPTION |
| Extent |
xxiv, 441 pages : |
| Other physical details |
color illustrations ; |
| Dimensions |
23 cm. |
| 336 ## - CONTENT TYPE |
| Source |
rdacontent |
| Content type term |
text |
| Content type code |
txt |
| 337 ## - MEDIA TYPE |
| Source |
rdamedia |
| Media type term |
unmediated |
| Media type code |
n |
| 338 ## - CARRIER TYPE |
| Source |
rdacarrier |
| Carrier type term |
volume |
| Carrier type code |
nc |
| 490 1# - SERIES STATEMENT |
| Series statement |
Nurse's survival guide |
| 500 ## - GENERAL NOTE |
| General note |
First edition 2001; second edition 2006; third edition 2011, reprinted 2011; third updated edition 2019--Title page verso. |
| 504 ## - BIBLIOGRAPHY, ETC. NOTE |
| Bibliography, etc. note |
Includes index. |
| 505 0# - FORMATTED CONTENTS NOTE |
| Formatted contents note |
Introduction: Immediate assessment of the critically ill -- Cardiology -- Respiratory medicine -- Acute neurological problems -- Gastroenterology -- Diabetic complications -- Thromboembolic disease -- Deliberate self-harm, alcohol, and substance abuse -- The 'social admission' -- Multisystem failure -- Emerging problems: outbreaks and deliberate releases--SARS, toxins and biologic agents. |
| 650 #0 - SUBJECT ADDED ENTRY--TOPICAL TERM |
| Topical term or geographic name entry element |
Emergency nursing. |
| 650 #0 - SUBJECT ADDED ENTRY--TOPICAL TERM |
| Topical term or geographic name entry element |
Emergency nursing |
| Form subdivision |
Handbooks, manuals, etc. |
| 650 #0 - SUBJECT ADDED ENTRY--TOPICAL TERM |
| Topical term or geographic name entry element |
Medical emergencies. |
| 700 1# - ADDED ENTRY--PERSONAL NAME |
| Personal name |
Daly, Lynda, |
| Relator term |
author. |
| 830 #0 - SERIES ADDED ENTRY--UNIFORM TITLE |
| Uniform title |
Nurse's survival guide. |
| 942 ## - ADDED ENTRY ELEMENTS (KOHA) |
| Source of classification or shelving scheme |
Dewey Decimal Classification |
| Suppress in OPAC |
No |
| Koha item type |
Books |
| Classification part |
616.025 H245n |
| Call number prefix |
GRD |
| Call number suffix |
2019 |